UAE: 30 Top Dubai Tourist Sites - Statistics

General Stats
  • This quiz has been taken 651 times
  • The average score is 12 of 30
Answer Stats
Hint Answer % Correct
Highest building ever Burj Khalifa
94%
Largest mall (2013) Dubai Mall
90%
Hotel with heliport Burj Al Arab
89%
Mall named after the country Emirates Mall
75%
Hotel at the far end of Palm Jumeirah Atlantis Hotel
62%
Long stretch of beach in the city's southern part Jumeirah Beach
56%
Where posh yachts set anchor Dubai Marina
52%
Shopping Mall named after a famous Arab world explorer Ibn Battuta Mall
48%
Man made archipelago of around 300 islands The World
47%
First of the artificial islands to open, home to a lavish lifestyle The Palm Jumeirah
46%
Waterpark next to Jumeirah Beach Hotel Wild Wadi
44%
Cuts Dubai in two halves Dubai Creek
43%
Best place to buy anything 'Made in China' Dragon Mart
40%
Precious materials traded in this souq Dubai Gold Souq
40%
Feel like in the Alps, even at the peak of summer Ski Dubai
40%
Name of the area north of Dubai Creek Deira
38%
Dubai's main traffic arteria Sheikh Zayed Road
35%
Long version of 'DSF' (second hint: think of January/February) Dubai Shopping Festival
34%
Seasonal tourism project, amusement park and country pavillions Global Village
32%
Name of the area south of Dubai Creek Bur Dubai
30%
Dubai's enclave in the mountains, bordering Oman Hatta
26%
Best place to buy cheap 'designer' stuff in the city Al Karama
23%
Long stretch of beach bordering Sharjah Al Mamzar Beach
18%
World's largest airport-to-be Dubai World Central
15%
A tourist resort with indoor souq and venitian gondolas Madinat Jumeirah
13%
Square on Banks Street, metro station and shopping mall Burjuman
12%
Probably the best preserved/renovated historic district Bastakiya
11%
Features a 5.39km long racetrack in Dubailand Dubai Autodrome
11%
Summer shopping festival Dubai Summer Surprises
9%
Located in Nadd Al Sheba, a sports venue for true beduins Camel race track
6%
No matching quizzes found
Score Distribution
Percent of People with Each Score
Percentile by Number Answered
Your Score History
You have not taken this quiz